书目信息 |
| 题名: |
三大纪律八项注意
|
|
| 作者: | 吴祖强 伴奏 | |
| 分册: | ||
| 出版信息: | 北京 人民音乐出版社 1974 |
|
| 页数: | 2页 | |
| 开本: | 26cm | |
| 丛书名: | ||
| 单 册: | ||
| 中图分类: | J642.53 | |
| 科图分类: | ||
| 主题词: | 音乐--作品--中国 | |
| 电子资源: | ||
| ISBN: | ||
| 000 | 00644nam0 2200205 450 | |
| 001 | 0657779938 | |
| 005 | 20060529160524.18 | |
| 010 | @dCNY0.09 | |
| 100 | @a20060529d1974 km y0chiy0120 ea | |
| 101 | 0 | @achi |
| 102 | @aCN@b110000 | |
| 200 | 1 | @a三大纪律八项注意@Asan da ji lu ba xiang zhu yi@e齐唱 钢琴伴奏 红军歌曲@f吴祖强伴奏@Fwu zu qiang ban zou |
| 210 | @a北京@c人民音乐出版社@d1974 | |
| 215 | 1 | @a2页@d26cm |
| 517 | 1 | @a齐唱 钢琴伴奏 红军歌曲@Aqi chang gang qin ban zou hong jun ge qu |
| 606 | 0 | @a音乐@x作品@x中国 |
| 690 | @aJ642.53@v4 | |
| 701 | 0 | @a吴祖强@Awu zu qiang@4伴奏 |
| 801 | 0 | @aCN@bPFT@c20060529 |
| 905 | @a10447@dJ642.53@e13 | |
| 三大纪律八项注意:齐唱 钢琴伴奏 红军歌曲/吴祖强伴奏.-北京:人民音乐出版社,1974 |
| 2页;26cm |
| ISBN :CNY0.09 |
| ● |
| 相关链接 |
|
|
|
|
正题名:三大纪律八项注意
索取号:J642.53/13
 
预约/预借
| 序号 | 登录号 | 条形码 | 馆藏地/架位号 | 状态 | 备注 |
| 1 | 0002261 | 202388718 | 密集书库/ [索取号:J642.53/13] | 在馆 | |
| 2 | 0002262 | 202388665 | 密集书库/ [索取号:J642.53/13] | 在馆 |